000 00322nam a2200157Ia 4500
100 _aRay/ Deborahs/ Ray/ Eric J
250 _a2
942 _cBK
654 _aComputer
245 _aMastering HTML 4.0.
260 _bB.P.B.
_c1998
082 _a4.65
_bRAY/RAY
300 _a1013
546 _aENGLISH
999 _c34221
_d34221